000 00455nam a2200193Ia 4500
005 20240823033538.0
008 240823s9999||||xx |||||||||||||| ||und||
020 _a978-81-8402-471-5
041 _aENGLISH
082 _A153.69 Q2
100 _aallan & Barbara Pease
245 0 _aUdal Mozhi
250 _a5th
260 _c2012
_b"Kannadhasan Pathippagam,Ch"
500 _aYES
650 _aTamil Books
_bGeneral
942 _cBK
999 _c196077
_d196077